000 00685nam a2200193Ia 4500
003 GCL
005 20240530104228.0
008 140319s9999 xx 000 0 ara d
040 _aGCL /
_cGCL
082 0 4 _a361.1
_bع م
100 1 _aعبدالمنعم محمد بدر
245 1 0 _aمشكلاتنا الاجتماعية : اسس نظرية ونماذج خليجية : الكتاب الثالث مشكلة العمالة الناعمة /
_cعبدالمنعم محمد بدر
300 _a95 ص
490 _a100 قصة
_v0
650 0 4 _aالمرأة العاملة
650 0 4 _aالمشكلات الاجتماعية
650 0 4 _aمشكلات الشباب
942 _2ddc
_cBK
999 _c45648
_d45648